00717nam a2200241 a 4500001001300000003000900013005001700022008004100039020002300080082001500103100002100118245003500139260004400174300000900218500003500227505002400262650002200286700002100308902000800329942000700337952011600344999001500460nice12345678IN_TiNIC20260116012301.0050524s1980 cala grp 000 0 eng  a0878089 c10000a269.2bLEN aLenning, Larry G aBlessing in Mosque and Mission aCaliforniabWilliam Carey Libraryc1980 a155p aincludes index and biblioraphy2 aBibliography, Index aEvangelistic Work1 aLenning, Larry G bSRS cBK 001040708StackRoom-aHMIbHMId2007-07-13g100.00l0o269.2 LENp010364r2007-07-13v100.00w2005-05-24yBK c6388d6388